000 00813nam a2200253Ia 4500
003 OSt
005 20220918172000.0
006 a|||||r|||| 00| 0
007 ta
008 220917b |||||||| |||| 00| 0 eng d
020 _a9788194160564 (hbk)
_cINR 550.00
024 _a353,141
037 _b10001, 03/02/2020, The Book Seller
_cTextual
040 _aARTS
_cARTS
_beng
041 _2eng
_aeng
082 _aV2153, R0
100 _aPanikkar K. M. Au.
_939678
245 0 _aMalabar and the dutch
_b being the history of the fall of the nayar power in malabar
260 _aNew Delhi
_bLife Span Publishers India
_c2020
300 _axxii,184p.
_ccm.
650 _aHISTORY
942 _hV2153, R0
_cTEXL
_2CC
999 _c142144
_d142144